| 000 | 00480cam a2200193ua 4500 | ||
|---|---|---|---|
| 020 | _c1.50 | ||
| 041 |
_amal _h |
||
| 082 |
_a894.812 809 _bJOS/VA |
||
| 100 | _aJoseph , Mundassery . | ||
| 245 |
_aVayanasalayil, Part 2 / _cJoseph Mundassery. _hTextual Documents |
||
| 250 |
_a2 / _b. |
||
| 260 |
_aThrissur : _bThe Mangalodayam Pvt Ltd , _c1957. |
||
| 300 | _a166 ; . | ||
| 365 | _a1.50 | ||
| 504 | _a | ||
| 942 | _cBK | ||
| 999 |
_c6498 _d6498 |
||